RIVISTA DI PASTORALE LITURGICA. NOVEMBRE DICEMBRE 1985. ORGANO CAL. TESTIMONIANZA ECCLESIALE NEL MONDO DELLA SOFFERENZ (Record no. 331690)

MARC details
000 -LEADER
fixed length control field 02100nas a2200277Ia 4500
001 - CONTROL NUMBER
control field R050-S3104
003 - CONTROL NUMBER IDENTIFIER
control field IT-CnALBA
008 - FIXED-LENGTH DATA ELEMENTS--GENERAL INFORMATION
fixed length control field 170116c99999999xx |||||||||||| ||und||
040 ## - CATALOGING SOURCE
Original cataloging agency IT-CnALBA
Transcribing agency IT-CnALBA
041 ## - LANGUAGE CODE
Language code of text/sound track or separate title ITALIANO
999 ## - SYSTEM CONTROL NUMBERS (KOHA)
Koha Dewey Subclass [OBSOLETE] NO
100 ## - MAIN ENTRY--PERSONAL NAME
Personal name DAVANZO GUIDO
210 ## - ABBREVIATED TITLE
Abbreviated title RIVISTA DI PASTORALE LITURGICA
222 ## - KEY TITLE
Key title RIVISTA DI PASTORALE LITURGICA
245 #0 - TITLE STATEMENT
Title RIVISTA DI PASTORALE LITURGICA. NOVEMBRE DICEMBRE 1985. ORGANO CAL. TESTIMONIANZA ECCLESIALE NEL MONDO DELLA SOFFERENZ
250 ## - EDITION STATEMENT
Edition statement 1a ed.
260 ## - PUBLICATION, DISTRIBUTION, ETC. (IMPRINT)
Place of publication, distribution, etc. BRESCIA
Name of publisher, distributor, etc. QUERINIANA EDIT. LIBR. VESC.
Date of publication, distribution, etc. 1985 [1° Ed.:1985 - Ed.Ling.Originale: 1985]
300 ## - PHYSICAL DESCRIPTION
Extent 107 p.
310 ## - CURRENT PUBLICATION FREQUENCY
Current publication frequency BIMESTRALE
362 ## - DATES OF PUBLICATION AND/OR SEQUENTIAL DESIGNATION
Dates of publication and/or sequential designation Fascicolo: 133 / Anno: 23 (1985)
500 ## - GENERAL NOTE
General note SOFFERENZA E INTIMISAZIONE. DOCUMENTI DI GIOVANNI PAOLO II SUL MONDO DELLA SOFFERENZA. LINEE TEOLOGICO SPIRITUALI DELLA "SALUIFICI DOLORIS". MONDO INTERIORE E CROCE. OTTAZZI V. VANGELO SAMARITANO, MARTIGNONI G. PASTORALE E SOFFERENTI, ZANCHETTA L. RAPPORTO PASTORALE COI MALATI, BRUSCO A. PRESENZA PASTORALE NEGLI OSPEDALI, SGREGGIA E. UNZIONE INFERMI TRA STORIA E PRASSI ATTUALI, SIRBONI S. ORIENTAMENTI PASTORALI DAL RITUALE E CODICE. PROFILO BREVE DI BENEDETTA BIANCHI PORRO. CERTEZZA DELL'AMORE DI DIO. SACRALITÀ SOFFERENZA. CAMBIAMENTO DI VITA. DIMENSIONI COSTITUTIVE LITURGIA.
501 ## - WITH NOTE
With note Società San Paolo EM - Piazza San Paolo, 14 - 12051 ALBA (CN) (non commercial uses only) ® Copyright 2017
520 ## - SUMMARY, ETC.
Summary, etc. SOFFERENZA E INTIMISAZIONE. DOCUMENTI DI GIOVANNI PAOLO II SUL MONDO DELLA SOFFERENZA. LINEE TEOLOGICO SPIRITUALI DELLA "SALUIFICI DOLORIS". MONDO INTERIORE E CROCE. OTTAZZI V. VANGELO SAMARITANO, MARTIGNONI G. PASTORALE E SOFFERENTI, ZANCHETTA L. RAPPORTO PASTORALE COI MALATI, BRUSCO A. PRESENZA PASTORALE NEGLI OSPEDALI, SGREGGIA E. UNZIONE INFERMI TRA STORIA E PRASSI ATTUALI, SIRBONI S. ORIENTAMENTI PASTORALI DAL RITUALE E CODICE. PROFILO BREVE DI BENEDETTA BIANCHI PORRO. CERTEZZA DELL'AMORE DI DIO. SACRALITÀ SOFFERENZA. CAMBIAMENTO DI VITA. DIMENSIONI COSTITUTIVE LITURGIA.
650 ## - SUBJECT ADDED ENTRY--TOPICAL TERM
Topical term or geographic name as entry element TEOLOGIA PASTORALE
942 ## - ADDED ENTRY ELEMENTS (KOHA)
Koha item type RIVISTA
957 ## -
-- 1
999 ## - SYSTEM CONTROL NUMBERS (KOHA)
-- 1
Holdings
Withdrawn status Lost status Damaged status Not for loan Home library Current library Date acquired Total Checkouts Full call number Date last seen Price effective from Koha item type Public note
    Buone Condizioni Not For Loan ALBA - Biblioteca ALBA - Biblioteca 16/01/2017   R050-S3104 16/01/2017 16/01/2017 RIVISTA (data import: 16 gennaio 2017) - By Epidotti, Vaglietti.
CREDITS: SOCIETA' SAN PAOLO Via A.Severo, 58 - ROMA (RM) & PERIODICI SAN PAOLO SRL Via Giotto, 36 MILANO & CISF Via Giotto, 36 MILANO & EDIZIONI SAN PAOLO SRL,  Piazza Soncino, 5 CINISELLO BALSAMO (MI) -- ITALY